| 000 | 01100cam a22001814a 4500 | ||
|---|---|---|---|
| 005 | 20250605164355.0 | ||
| 008 | 250528s ||||||||||||||||||||||||d | ||
| 035 | _a24279 | ||
| 040 |
_aGR-AtMCL _bgre _dGR-AtMCL _eAACR2 |
||
| 245 | 1 | _aMW EE - RF Microwave / Emerging Technologies | |
| 260 |
_bEuropean Business Press Sa, _c2020 |
||
| 300 | _a26 | ||
| 520 | _aFiber-Like Internet Coming to the Arctic, Satellite Swarm to Enable Ubiquitous 5G, Atomic Receiver Works with Common Communications Signals, Emerging Technologies: Smart Networks Put the loT on the Map, Multiprotocol Connectivity Addresses the Challenges of Managing and Updating loT Devices on Sub-GHz Networks, Integrated Transceivers Enable Small Form Factor Phased-Array Radar Platforms, Tiny Energy-Harvesting Tile for loT Sensors Outputs Over 1-mW, Solving the Tough Timing Challenges of 5G Wireless Infrastructure, loT Devices Could be Powered by Neutrino Energy Devices, Wi-Fi Router Reference Design, Pocket-Sized USB Spectrum Analyzers. | ||
| 700 | 1 |
_aJoosting Jean-Pierre _99443 |
|
| 942 | _cCR | ||
| 999 |
_c9169 _d9169 |
||